000 00782nam a2200265 4500
999 _c66310
_d66310
003 BJBSDDR
005 20230410123704.0
007 ta
008 060907s1999 fr fre
020 _a224703487X
020 _a9782247034871
040 _bspa
_cBJBSDDR
041 _afre
050 1 4 _aR KJV 115
_bG959l 1999
082 0 0 _a340/.03
100 1 _aGuillien, Raymond,
_d1906-1980
245 1 0 _aLexique de termes juridiques /
_cRaymond Guillien et Jean Vincent; sous la direction de Serge Guinchard.
250 _a12e edition
260 _aParis :
_bDalloz,
_c1999
300 _a561 pages
650 4 _915695
_aDerecho
_vDiccionarios
700 1 _aVincent, Jean
_925883
_ecoautor
700 1 _aGuinchard, Serge,
_95047
_d1946-
_edirector
942 _2lcc
_cBK